000 00671nam a2200205Ia 4500
005 20250508170230.0
008 008 250505s9999 xx 000 0 eng d
037 _aTextual
040 _aFEDL
_beng
_cFEDL
041 _aeng
_2eng
084 _a294.54, GOS
_qFEDL
100 _aGosain Saligram
_9783550
245 0 _aStory of the Goswami Saints of Punjab!: Baba Simaran Das, others discovering their roots
260 _aNew Delhi, India
_bGoswami Dwarka Das Sewak Samaj Trust
_c2006
300 _axx, 250p.
546 _aGifted by Dr. Yukti Sharma
700 _a Hafizabadi Salic
_9783551
942 _cTEXL
_h294.54, GOS
999 _c1399937
_d1399937